| 000 | 00383nam a2200157Ia 4500 | ||
|---|---|---|---|
| 008 | 210716s1986 xx 000 0 und d | ||
| 020 | _a805393277 | ||
| 041 | _aeng | ||
| 082 | _a519.5 TRIM | ||
| 100 | _aTriola, Mario F. | ||
| 245 | _aElementary statistics. | ||
| 250 | _a3 | ||
| 260 |
_aCalifornia _c1986 |
||
| 300 | _axviii,581,A82 | ||
| 650 | _aStatistical Mathematics(519.5) | ||
| 999 |
_c189552 _d189552 |
||